Statistics for Countries that start with G

Click here to take the quiz!

General Stats

  • This quiz has been taken 51 times
  • The average score is 9 of 11

Answer Stats

HintAnswer% Correct
1Gabon
91%
9Guinea
91%
11Guyana
84%
7Grenada
81%
10Guinea-Bissau
81%
4Germany
79%
5Ghana
79%
8Guatemala
79%
2Gambia
74%
6Greece
70%
3Georgia
63%

Score Distribution

Percentile by Number Answered

Percent of People with Each Score

Your Score History

You have not taken this quiz